000 00474nmm a2200157Ia 4500
008 251105s9999||||xx |||||||||||||||||und||
020 _a9789972428883
041 _aspa
100 _aAvendaño, Jorge (ed.)
245 0 _aHomenaje a Fernando de Trazegnies Granda. Tomo I
264 _a[Lima, Peru] :
_bPontificia Universidad Católica de Perú,
_c2009
300 _a512 páginas
650 _aLaw
856 _uhttps://public.digitaliapublishing.com/a/9866
942 _cCF
999 _c97894
_d97894